000 00467nam a22001817a 4500
003 DO-SdBNP
005 20180220093848.0
008 180220b xxu||||| |||| 00| 0 spa d
020 _a0590426079
040 _aBPMSU
_bspa
_cBPMSU
100 _aBeth Pfeffer, Susan
245 _aKid power
_cSusan Beth Pfeffer
260 _aNew York
_bScholastic
_c1977
300 _a121 p.
_c20 cm
942 _2ddc
_cBK
945 _ainventariado, 2018 / dg
956 _adgarcia
_b10
999 _c13317
_d13317